000 00888nmm a2200289 a 4500
001 ocm000605259
003 TR-IsHL
005 20201028130427.0
008 130927s2007 tu tur
007 cr cn
020 _a9789754472318
035 _a605259
_b(N$T)
050 0 4 _aPL248.M47
_bS4 2007
090 0 4 _aPL248.M47
_bS4 2007
100 1 _aMehmet Rauf
245 1 0 _aSeçme hikayeler
_h[electronic resource] /
_cMehmet Rauf ; haz. Rahim Tarım
250 _a1. bs.
260 _aİstanbul :
_bÖzgür Yayınları,
_c2007
300 _a407 p.
650 4 _aDil ve Edebiyat
650 4 _aLanguage and Literature
650 0 _aTürk romanı
650 0 _aTurkish fiction
650 7 _aLITERARY COLLECTIONS / Middle Eastern
_2bisacsh
700 1 _aTarım, Rahim
856 4 0 _uhttp://search.ebscohost.com/login.aspx?direct=true&scope=site&db=e011xww&AN=605259
999 _c4017
_d4017